000 00301nam a22001217a 4500
008 170505b xxu||||| |||| 00| 0 eng d
041 _aALB
080 _a347
100 _a14
101 _aSHJ
245 _aUDHEZUES MBI PRAKTIKEN NDERKOMBETARE TTE DREJTAVE NJERIUT
_cHANNUN.H
942 _2udc
_cBK
999 _c12785
_d12785